[Event "Rome City op 5th"]
[Site "Rome"]
[Date "2023.12.06"]
[Round "4"]
[White "Krishna, C Revanth Gopala"]
[Black "Pulkkinen, Kari"]
[Result "1-0"]
[WhiteElo "2396"]
[BlackElo "2169"]
[PlyCount "99"]
[EventDate "2023.12.04"]
[EventType "swiss"]
[EventRounds "9"]
[EventCountry "ITA"]
[SourceTitle "CB50_2023"]
[SourceDate "2023.12.13"]
[SourceVersion "1"]
[SourceVersionDate "2023.12.13"]
[SourceQuality "1"]

1. Nf3 c5 2. b3 Nf6 3. Bb2 e6 4. e3 b6 5. g3 Bb7 6. Bg2 Be7 7. 0-0 0-0 8. c4 d6 9. Nc3 Qc7 10. Rc1 a6 11. d4 Nbd7 12. Qd3 Rfe8 13. Rfe1 Rad8 14. h3 Qb8 15. d5 exd5 16. cxd5 b5 17. e4 Bf8 18. Nd2 g6 19. a4 b4 20. Ncb1 a5 21. Nc4 Ba6 22. Nbd2 Bg7 23. Qb1 Qc7 24. f4 Nh5 25. Bxg7 Nxg7 26. Qb2 Nb6 27. Ne3 Bc8 28. e5 dxe5 29. Ne4 exf4 30. Nf6+ Kf8 31. Nxh7+ Kg8 32. Nf6+ Kf8 33. Nh7+ Kg8 34. Nf6+ Kf8 35. Nxe8 Rxe8 36. gxf4 Qxf4 37. Qf2 Qd6 38. Rf1 Re7 39. Ng4 Nd7 40. Nf6 Ba6 41. Qh4 Nh5 42. Nxh5 Bxf1 43. Ng3 Qe5 44. Rxf1 Qd4+ 45. Qxd4 cxd4 46. Ne4 f5 47. Rf4 Kg7 48. Nd2 Re3 49. Rxd4 Kf6 50. d6 1-0

[Event "FIN-chT 2324"]
[Site "Finland"]
[Date "2023.09.24"]
[Round "2.7"]
[White "Nieminen, Kari"]
[Black "Pulkkinen, Kari"]
[Result "1/2-1/2"]
[WhiteElo "2002"]
[BlackElo "2168"]
[PlyCount "41"]
[EventDate "2023.09.23"]
[EventType "team-tourn"]
[EventRounds "12"]
[EventCountry "FIN"]
[SourceTitle "EXT 2024"]
[Source "ChessBase"]
[SourceDate "2023.10.10"]
[SourceVersion "1"]
[SourceVersionDate "2023.10.10"]
[SourceQuality "1"]
[WhiteTeam "Espoo MatSK II"]
[BlackTeam "Helsinki Aatos"]
[WhiteTeamCountry "FIN"]
[BlackTeamCountry "FIN"]

1. e4 c5 2. Nc3 Nc6 3. Nge2 g6 4. d4 cxd4 5. Nxd4 Bg7 6. Nf3 Nf6 7. h3 d6 8. Bc4 0-0 9. 0-0 a6 10. a4 b6 11. Qe2 Bb7 12. Rd1 Qc7 13. Bg5 e6 14. Rd2 Nb4 15. Bf4 e5 16. Bg5 h6 17. Bxf6 Bxf6 18. Nd5 Nxd5 19. Bxd5 Bxd5 20. Rxd5 Be7 21. Qd3 1/2-1/2

[Event "FIN-chT 2022"]
[Site "Finland"]
[Date "2022.04.09"]
[Round "8.1"]
[White "Nyysti, Sampsa"]
[Black "Pulkkinen, Kari"]
[Result "0-1"]
[WhiteElo "2366"]
[BlackElo "2226"]
[PlyCount "72"]
[EventDate "2020.09.12"]
[EventType "team-tourn"]
[EventRounds "11"]
[EventCountry "FIN"]
[SourceTitle "EXT 2023"]
[Source "ChessBase"]
[SourceDate "2022.10.05"]
[SourceVersion "1"]
[SourceVersionDate "2022.10.05"]
[SourceQuality "1"]
[WhiteTeam "Helsinki Ninja"]
[BlackTeam "Helsinki Aatos"]
[WhiteTeamCountry "FIN"]
[BlackTeamCountry "FIN"]

1. e4 c5 2. Nf3 a6 3. c4 e6 4. Nc3 Nc6 5. d4 cxd4 6. Nxd4 Qc7 7. Be2 Nf6 8. 0-0 Bb4 9. Nxc6 dxc6 10. Qb3 Bc5 11. Kh1 e5 12. f3 0-0 13. Na4 Bd4 14. Be3 b5 15. Bxd4 exd4 16. Nc5 Qe7 17. Qa3 Nd7 18. b4 Nxc5 19. bxc5 Be6 20. Rfd1 Rfd8 21. Rac1 f5 22. Qb2 Bxc4 23. Bxc4+ bxc4 24. Rxc4 fxe4 25. fxe4 Qxe4 26. h3 Rab8 27. Qd2 Rb1 28. Rxb1 Qxb1+ 29. Rc1 Qf5 30. Qa5 Qd5 31. Qxa6 d3 32. Rd1 d2 33. Qa5 h6 34. a4 Rd7 35. Qc3 Qe4 36. a5 Rd3 0-1

[Event "Cattolica Vergani Cup"]
[Site "Cattolica"]
[Date "2022.01.02"]
[Round "1"]
[White "Pulkkinen, Kari"]
[Black "Niemann, Hans Moke"]
[Result "0-1"]
[WhiteElo "2251"]
[BlackElo "2645"]
[PlyCount "76"]
[EventDate "2022.01.02"]
[EventType "swiss"]
[EventRounds "9"]
[EventCountry "ITA"]
[SourceTitle "EXT 2023"]
[Source "ChessBase"]
[SourceDate "2022.10.05"]
[SourceVersion "1"]
[SourceVersionDate "2022.10.05"]
[SourceQuality "1"]

1. e4 c5 2. Nf3 d6 3. d4 cxd4 4. Nxd4 Nf6 5. Nc3 Nc6 6. Bg5 e6 7. Qd2 a6 8. 0-0-0 Bd7 9. f4 Be7 10. Nf3 b5 11. Bxf6 gxf6 12. Bd3 b4 13. Ne2 h5 14. Kb1 Qb6 15. f5 e5 16. Bc4 Rc8 17. Bd5 Na5 18. b3 Nb7 19. Nc1 Nc5 20. Nd3 Nxd3 21. cxd3 Bf8 22. Rc1 Rxc1+ 23. Qxc1 Bh6 24. Qd1 Ke7 25. Nd2 Qf2 26. Nc4 Qxg2 27. Rg1 Qf2 28. h3 Qd4 29. Rg2 Bxf5 30. Qf3 Bg6 31. Nxd6 Rd8 32. Nxf7 Bxf7 33. Bxf7 Qc3 34. Rc2 Qe1+ 35. Kb2 Bd2 36. Rc7+ Rd7 37. Rxd7+ Kxd7 38. Qf5+ Kc7 0-1

[Event "EU-Cup Online Gr-F"]
[Site "Tornelo INT"]
[Date "2021.03.28"]
[Round "5.1"]
[White "Agrest, Evgenij"]
[Black "Pulkkinen, Kari"]
[Result "1-0"]
[WhiteElo "2568"]
[BlackElo "2256"]
[PlyCount "51"]
[EventDate "2021.03.27"]
[EventType "team-tourn (rapid)"]
[EventRounds "9"]
[EventCountry "NET"]
[SourceTitle "CBM 201 Extra"]
[Source "ChessBase"]
[SourceDate "2021.05.31"]
[SourceVersion "1"]
[SourceVersionDate "2021.05.31"]
[SourceQuality "1"]
[WhiteTeam "Svetlana"]
[BlackTeam "Aatos"]
[WhiteTeamCountry "BLR"]
[BlackTeamCountry "FIN"]

1. d4 Nf6 2. Nc3 d5 3. Bf4 c6 4. e3 g6 5. h4 h5 6. Be2 Bg7 7. Nf3 Bg4 8. Ne5 Bxe2 9. Qxe2 Nfd7 10. Nf3 Nf6 11. 0-0-0 Nbd7 12. Ne5 e6 13. f3 Nxe5 14. Bxe5 Qa5 15. Kb1 0-0-0 16. e4 Ne8 17. Qf2 Rg8 18. g4 Rh8 19. Rhe1 Nf6 20. Qg3 Ne8 21. a3 Bxe5 22. dxe5 Qc7 23. Ne2 dxe4 24. fxe4 Rxd1+ 25. Rxd1 Nf6 26. exf6 1-0

[Event "EU-Cup Online Gr-F"]
[Site "Tornelo INT"]
[Date "2021.03.28"]
[Round "8.1"]
[White "Pulkkinen, Kari"]
[Black "Gorodetzky, Matan"]
[Result "0-1"]
[WhiteElo "2256"]
[BlackElo "2253"]
[PlyCount "122"]
[EventDate "2021.03.27"]
[EventType "team-tourn (rapid)"]
[EventRounds "9"]
[EventCountry "NET"]
[SourceTitle "CBM 201 Extra"]
[Source "ChessBase"]
[SourceDate "2021.05.31"]
[SourceVersion "1"]
[SourceVersionDate "2021.05.31"]
[SourceQuality "1"]
[WhiteTeam "Aatos"]
[BlackTeam "Tsafrir Rehovot"]
[WhiteTeamCountry "FIN"]
[BlackTeamCountry "ISR"]

1. e4 e6 2. d4 d5 3. Nc3 Nf6 4. e5 Nfd7 5. f4 c5 6. Nf3 Nc6 7. Be3 cxd4 8. Nxd4 Bc5 9. Qd2 0-0 10. 0-0-0 Bxd4 11. Bxd4 a6 12. Qf2 b5 13. Bd3 Nxd4 14. Qxd4 Qb6 15. Ne2 b4 16. Qxb6 Nxb6 17. Nd4 Bd7 18. Rhe1 a5 19. g4 a4 20. f5 a3 21. b3 Rfe8 22. Kd2 Rac8 23. Rc1 Rc3 24. Ne2 Rcc8 25. Nd4 Rc3 26. Ne2 Rc7 27. Nd4 Rec8 28. f6 g6 29. h4 h6 30. g5 h5 31. Rf1 Be8 32. Rf4 Rd8 33. Ke3 Rb8 34. Ne2 Nd7 35. Kd4 Nc5 36. Rff1 Bb5 37. Bxb5 Rxb5 38. c4 bxc3 39. Rxc3 Rb4+ 40. Ke3 Re4+ 41. Kf3 Rxh4 42. Nf4 Na6 43. Rfc1 Rxc3+ 44. Rxc3 Rh1 45. Rc8+ Kh7 46. Rf8 Rf1+ 47. Kg3 Rg1+ 48. Kf2 Rxg5 49. Rxf7+ Kh6 50. Nxe6 Rxe5 51. Re7 Rf5+ 52. Kg3 Rxf6 53. Nf4 Nb4 54. Ra7 Nxa2 55. Rxa3 Nc3 56. Nh3 d4 57. b4 g5 58. Ra8 Ne4+ 59. Kg2 g4 60. Ng1 Rf2+ 61. Kh1 Ng3# 0-1

[Event "EU-Cup Online Gr-F"]
[Site "Tornelo INT"]
[Date "2021.03.27"]
[Round "1.1"]
[White "Maghsoodloo, Parham"]
[Black "Pulkkinen, Kari"]
[Result "1-0"]
[WhiteElo "2676"]
[BlackElo "2256"]
[PlyCount "45"]
[EventDate "2021.03.27"]
[EventType "team-tourn (rapid)"]
[EventRounds "9"]
[EventCountry "NET"]
[SourceTitle "CBM 201 Extra"]
[Source "ChessBase"]
[SourceDate "2021.05.31"]
[SourceVersion "1"]
[SourceVersionDate "2021.05.31"]
[SourceQuality "1"]
[WhiteTeam "Clichy Echecs 92"]
[BlackTeam "Aatos"]
[WhiteTeamCountry "FRA"]
[BlackTeamCountry "FIN"]

1. d4 Nf6 2. c4 c5 3. d5 b5 4. cxb5 a6 5. b6 g6 6. Qb3 Bb7 7. Nc3 d6 8. a4 a5 9. e4 Bg7 10. Nf3 0-0 11. Nd2 Nbd7 12. Bb5 Qxb6 13. 0-0 Ne5 14. Qc2 e6 15. f4 Ned7 16. Nc4 Qc7 17. e5 Nxd5 18. Nxd6 Nxc3 19. bxc3 Nb6 20. c4 f6 21. Bb2 Nd7 22. Rad1 fxe5 23. Nxb7 1-0

[Event "EU-ch Online U2300 Qual"]
[Site "Chess.com INT"]
[Date "2020.05.25"]
[Round "7"]
[White "Pulkkinen, Kari"]
[Black "Riabov, Alexander"]
[Result "1-0"]
[WhiteElo "2232"]
[BlackElo "2004"]
[PlyCount "89"]
[EventDate "2020.05.25"]
[EventType "swiss"]
[EventRounds "8"]
[EventCountry "NET"]
[SourceTitle "EXT 2021"]
[Source "ChessBase"]
[SourceDate "2020.10.23"]
[SourceVersion "1"]
[SourceVersionDate "2020.10.23"]
[SourceQuality "1"]

1. e4 e5 2. Bc4 Nf6 3. d3 Bc5 4. Nc3 0-0 5. f4 d6 6. Nf3 Bg4 7. h3 Bxf3 8. Qxf3 c6 9. fxe5 dxe5 10. Bg5 h6 11. Bxf6 Qxf6 12. Qxf6 gxf6 13. Rf1 Kg7 14. Ke2 Nd7 15. Rf3 Rg8 16. Raf1 Kf8 17. g4 Ke7 18. a3 a5 19. a4 Rg5 20. Nd1 Rag8 21. Ne3 Bxe3 22. Kxe3 h5 23. gxh5 Rxh5 24. c3 Rgh8 25. Rh1 Nf8 26. d4 Ng6 27. Bf1 Nf4 28. Rg3 Rh4 29. Rh2 Ne6 30. Rh1 Ng5 31. Bg2 Ke6 32. Rg4 Rxg4 33. hxg4 Rxh1 34. Bxh1 Kd6 35. Bg2 b5 36. axb5 cxb5 37. Bf1 b4 38. Bc4 bxc3 39. bxc3 Ne6 40. Kd3 Nf4+ 41. Kc2 exd4 42. cxd4 Ne6 43. Kc3 a4 44. Bxe6 fxe6 45. Kb4 1-0

[Event "FIN-chT 1920"]
[Site "Finland"]
[Date "2020.02.09"]
[Round "8.3"]
[White "Hallman, Valo"]
[Black "Pulkkinen, Kari"]
[Result "0-1"]
[WhiteElo "2214"]
[BlackElo "2255"]
[PlyCount "46"]
[EventDate "2019.09.14"]
[EventType "team-tourn"]
[EventRounds "11"]
[EventCountry "FIN"]
[SourceTitle "CBM 195 Extra"]
[Source "ChessBase"]
[SourceDate "2020.05.31"]
[SourceVersion "1"]
[SourceVersionDate "2020.05.31"]
[SourceQuality "1"]
[WhiteTeam "Helsinki HSK"]
[BlackTeam "Helsinki Aatos"]
[WhiteTeamCountry "FIN"]
[BlackTeamCountry "FIN"]

1. d4 Nf6 2. Nf3 g6 3. c4 c5 4. Nc3 cxd4 5. Nxd4 Nc6 6. e4 d6 7. Be2 Nxd4 8. Qxd4 Bg7 9. c5 0-0 10. cxd6 exd6 11. 0-0 Re8 12. Qd3 Nxe4 13. Nxe4 Bf5 14. f3 d5 15. g4 Qb6+ 16. Be3 dxe4 17. Qd2 Red8 18. Qc1 Bd4 19. Kf2 exf3 20. Bxf3 Rac8 21. Bxd4 Rxd4 22. Qe3 Rd2+ 23. Be2 Bxg4 0-1

[Event "FIN-chT 1920"]
[Site "Finland"]
[Date "2019.11.23"]
[Round "5.4"]
[White "Pulkkinen, Kari"]
[Black "Lahdelma, Henri"]
[Result "1-0"]
[WhiteElo "2255"]
[BlackElo "2270"]
[PlyCount "85"]
[EventDate "2019.09.14"]
[EventType "team-tourn"]
[EventRounds "11"]
[EventCountry "FIN"]
[SourceTitle "CBM 194 Extra"]
[Source "ChessBase"]
[SourceDate "2020.03.31"]
[SourceVersion "1"]
[SourceVersionDate "2020.03.31"]
[SourceQuality "1"]
[WhiteTeam "Helsinki Aatos"]
[BlackTeam "Espoo MatSK"]
[WhiteTeamCountry "FIN"]
[BlackTeamCountry "FIN"]

1. e4 e6 2. d4 d5 3. Nc3 Nf6 4. e5 Nfd7 5. f4 c5 6. Nf3 Nc6 7. Be3 a6 8. Qd2 b5 9. dxc5 Bxc5 10. Bxc5 Nxc5 11. Qf2 Qb6 12. Bd3 b4 13. Ne2 a5 14. 0-0 Ba6 15. Rfd1 Ne7 16. Ned4 h6 17. a3 0-0 18. Nb3 Bxd3 19. cxd3 Na4 20. Qxb6 Nxb6 21. axb4 axb4 22. Nfd4 Rfc8 23. Kf2 Na4 24. Rd2 Kf8 25. Rc2 Ke8 26. Rxc8+ Nxc8 27. Nc6 Ncb6 28. Ra2 Rc8 29. Nxb4 g6 30. Ke3 Kf8 31. Nd4 Rc1 32. b3 Nc5 33. Ra5 Ncd7 34. Nbc6 g5 35. g3 gxf4+ 36. gxf4 Rh1 37. Ra2 Rb1 38. b4 Re1+ 39. Re2 Rb1 40. f5 exf5 41. Rf2 f4+ 42. Rxf4 Re1+ 43. Kd2 1-0

[Event "Dublin Irish op"]
[Site "Dublin"]
[Date "2019.04.21"]
[Round "7"]
[White "Doyle, Hugh"]
[Black "Pulkkinen, Kari"]
[Result "1/2-1/2"]
[WhiteElo "2042"]
[BlackElo "2265"]
[PlyCount "100"]
[EventDate "2019.04.17"]
[EventType "swiss"]
[EventRounds "9"]
[EventCountry "IRL"]
[SourceTitle "CBM 189 Extra"]
[Source "ChessBase"]
[SourceDate "2019.06.03"]
[SourceVersion "1"]
[SourceVersionDate "2019.06.03"]
[SourceQuality "1"]

1. Nf3 c5 2. g3 Nc6 3. c4 g6 4. Bg2 Bg7 5. 0-0 d6 6. Nc3 e6 7. e3 Nge7 8. d4 0-0 9. dxc5 dxc5 10. Qe2 a6 11. Rd1 Qc7 12. Bd2 Rb8 13. Ne4 b6 14. Bc3 e5 15. Nd6 Bg4 16. Ne4 h6 17. h3 Bxf3 18. Qxf3 f5 19. Nd2 e4 20. Qe2 Bxc3 21. bxc3 Qe5 22. Rac1 Rbd8 23. Nb1 Qe6 24. f4 exf3 25. Bxf3 Ne5 26. Na3 Nxf3+ 27. Qxf3 Rfe8 28. Kf2 Nc6 29. Rxd8 Rxd8 30. Rd1 Rxd1 31. Qxd1 Kf7 32. Qd5 Ne7 33. Qxe6+ Kxe6 34. Nb1 Nc8 35. Nd2 Nd6 36. a4 Ke5 37. Kf3 g5 38. g4 Kf6 39. Kg3 fxg4 40. hxg4 Kg6 41. e4 Kf6 42. Kf2 Ke6 43. Ke2 a5 44. Kf2 Ne8 45. Nf1 Nf6 46. Kf3 Ke5 47. Ng3 Ne8 48. Nf5 Nd6 49. Nxd6 Kxd6 50. Kg3 Ke5 1/2-1/2

[Event "FIN-chT 1819"]
[Site "Finland"]
[Date "2019.04.06"]
[Round "10.3"]
[White "Luukkonen, Tommi"]
[Black "Pulkkinen, Kari"]
[Result "1/2-1/2"]
[WhiteElo "2332"]
[BlackElo "2238"]
[PlyCount "141"]
[EventDate "2018.09.15"]
[EventType "team-tourn"]
[EventRounds "11"]
[EventCountry "FIN"]
[SourceTitle "CBM 189 Extra"]
[Source "ChessBase"]
[SourceDate "2019.06.03"]
[SourceVersion "1"]
[SourceVersionDate "2019.06.03"]
[SourceQuality "1"]
[WhiteTeam "Jyvaskyla JyS"]
[BlackTeam "Helsinki Aatos"]
[WhiteTeamCountry "FIN"]
[BlackTeamCountry "FIN"]

1. d4 Nf6 2. Bg5 Ne4 3. Bf4 c5 4. f3 Qa5+ 5. c3 Nf6 6. d5 Qb6 7. Bc1 e6 8. e4 exd5 9. exd5 c4 10. Bxc4 Bc5 11. Ne2 0-0 12. Qb3 Bf2+ 13. Kf1 Qc5 14. Qb4 a5 15. Qxc5 Bxc5 16. Bg5 b5 17. Bxf6 bxc4 18. Bd4 Bxd4 19. Nxd4 Bb7 20. Nf5 g6 21. Ne3 a4 22. Nd2 Rc8 23. Kf2 Ba6 24. h4 d6 25. Ne4 Nd7 26. Nxd6 Rc7 27. Rad1 Ne5 28. Kg3 Rb8 29. Rd2 f5 30. f4 Nd7 31. Re1 Nf6 32. Rd4 Rxb2 33. Ndxc4 Rxa2 34. d6 Rd7 35. Red1 Ne4+ 36. Rxe4 fxe4 37. Ne5 Rd8 38. Nc6 Be2 39. Rd4 Rd7 40. Nd5 Bf1 41. Ne3 Bb5 42. Ne7+ Kf8 43. c4 Re2 44. Ng4 Rxd6 45. Rxd6 Kxe7 46. Rd4 Be8 47. Rd5 a3 48. Ra5 a2 49. c5 Rc2 50. f5 gxf5 51. Ne3 Rxc5 52. Rxa2 Bd7 53. Kf4 Kf6 54. Ra7 Ke6 55. Ra8 Kf6 56. Ra7 Ke6 57. h5 Rc1 58. Ra6+ Kf7 59. Rh6 Kg7 60. Rd6 Bc8 61. Kg5 Rc5 62. Rd8 Be6 63. h6+ Kf7 64. Rh8 f4+ 65. Kxf4 Kg6 66. Rf8 Bc8 67. Rg8+ Kxh6 68. g4 Be6 69. Re8 Bc8 70. Re7 Kg6 71. Rxe4 1/2-1/2

[Event "EU-Cup 34th"]
[Site "Porto Carras"]
[Date "2018.10.13"]
[Round "2.2"]
[White "Longson, Alexander"]
[Black "Pulkkinen, Kari"]
[Result "1-0"]
[WhiteElo "2329"]
[BlackElo "2239"]
[PlyCount "47"]
[EventDate "2018.10.12"]
[EventType "team-swiss"]
[EventRounds "7"]
[EventCountry "GRE"]
[SourceTitle "CBM 187"]
[Source "ChessBase"]
[SourceDate "2018.12.11"]
[SourceVersion "1"]
[SourceVersionDate "2018.12.11"]
[SourceQuality "1"]
[WhiteTeam "3Cs"]
[BlackTeam "Aatos"]
[WhiteTeamCountry "ENG"]
[BlackTeamCountry "FIN"]

1. e4 c5 2. Nf3 d6 3. d4 cxd4 4. Nxd4 Nf6 5. Nc3 Nc6 6. f3 Qb6 7. Be3 Qxb2 8. Ncb5 Qb4+ 9. Bd2 Qc5 10. Nc7+ Kd8 11. Nb3 Qe5 12. Nxa8 g6 13. Bd3 Bg7 14. 0-0 Qh5 15. Rb1 Be6 16. Be3 Kc8 17. c3 Nd7 18. Nd4 Be5 19. f4 Bg4 20. Qc2 Bxd4 21. cxd4 d5 22. Rxb7 Kxb7 23. Ba6+ Kxa6 24. Qxc6+ 1-0

[Event "Riga Tech op 8th"]
[Site "Riga"]
[Date "2018.08.08"]
[Round "4"]
[White "Pulkkinen, Kari"]
[Black "Nikitenko, Mihail"]
[Result "1-0"]
[WhiteElo "2242"]
[BlackElo "2374"]
[PlyCount "97"]
[EventDate "2018.08.06"]
[EventType "swiss"]
[EventRounds "9"]
[EventCountry "LAT"]
[SourceTitle "CBM 185 Extra"]
[Source "ChessBase"]
[SourceDate "2018.07.29"]
[SourceVersion "1"]
[SourceVersionDate "2018.07.29"]
[SourceQuality "1"]

1. e4 e5 2. Nf3 Nc6 3. Bb5 a6 4. Ba4 Nf6 5. 0-0 Be7 6. Re1 b5 7. Bb3 d6 8. c3 0-0 9. h3 Bb7 10. d4 Nd7 11. Nbd2 exd4 12. cxd4 Bf6 13. Nf1 Na5 14. Bc2 Re8 15. N1h2 c5 16. d5 Nc4 17. Rb1 Nce5 18. Nxe5 Nxe5 19. f4 Ng6 20. Nf3 a5 21. a4 b4 22. Bd3 Bh4 23. Nxh4 Qxh4 24. f5 Nf4 25. Bxf4 Qxf4 26. Qf3 Qe5 27. b3 Re7 28. Rbd1 Qf6 29. Bb5 Re5 30. Kh2 Bc8 31. g4 h6 32. Qg3 Qe7 33. Rd2 Ba6 34. Bxa6 Rxa6 35. Rde2 Ra8 36. h4 c4 37. bxc4 Rc8 38. g5 hxg5 39. hxg5 Rxc4 40. f6 Qe8 41. Qh4 b3 42. Kh1 Rc2 43. Re3 Qc8 44. Rh3 Qxh3+ 45. Qxh3 Rxg5 46. Qxb3 Rf2 47. Qb8+ Kh7 48. fxg7 Kxg7 49. Rg1 1-0

[Event "Bodensee op"]
[Site "Bregenz"]
[Date "2018.05.12"]
[Round "8"]
[White "Sucher, Johannes"]
[Black "Pulkkinen, Kari"]
[Result "1-0"]
[WhiteElo "2102"]
[BlackElo "2263"]
[PlyCount "117"]
[EventDate "2018.05.05"]
[EventType "swiss"]
[EventRounds "9"]
[EventCountry "AUT"]
[SourceTitle "CBM 184 Extra"]
[Source "ChessBase"]
[SourceDate "2018.06.28"]
[SourceVersion "1"]
[SourceVersionDate "2018.06.28"]
[SourceQuality "1"]

1. d4 Nf6 2. Nf3 g6 3. Nbd2 d5 4. e3 Bg7 5. Bd3 0-0 6. 0-0 b6 7. Ne5 c5 8. b3 Nfd7 9. Bb2 Nxe5 10. dxe5 Nc6 11. f4 Nb4 12. e4 Bb7 13. Rf3 dxe4 14. Nxe4 Qd5 15. Qe2 Nxd3 16. cxd3 Rad8 17. Rh3 f6 18. f5 fxe5 19. fxg6 hxg6 20. Rg3 Qe6 21. h4 Rf5 22. Re1 a5 23. Rg5 Rxg5 24. Nxg5 Qd5 25. Qg4 Bc8 26. Qc4 Qxc4 27. dxc4 Rd2 28. Bxe5 Bxe5 29. Rxe5 Rxa2 30. Rxe7 Bf5 31. Rb7 Rb2 32. Rxb6 a4 33. Rb8+ Kg7 34. Rb7+ Kf6 35. Rf7+ Ke5 36. bxa4 Kf4 37. Kh2 Rc2 38. a5 Ra2 39. Ne6+ Kg4 40. Nxc5 Rxa5 41. Nb7 Ra2 42. Nd6 Bb1 43. Rf1 Bd3 44. Rd1 Be2 45. Rd4+ Kh5 46. Ne4 Kh6 47. c5 Bf1 48. Nd2 Be2 49. Kg3 Rc2 50. Ne4 Bf1 51. Rd2 Rc1 52. Kf4 Bb5 53. g4 Bc6 54. Rd6 Bxe4 55. Kxe4 Rxc5 56. h5 Rc4+ 57. Kf3 Rc3+ 58. Kf4 Rc4+ 59. Kg3 1-0

[Event "Bodensee op"]
[Site "Bregenz"]
[Date "2018.05.11"]
[Round "7"]
[White "Pulkkinen, Kari"]
[Black "Enchev, Ivajlo"]
[Result "0-1"]
[WhiteElo "2263"]
[BlackElo "2492"]
[PlyCount "48"]
[EventDate "2018.05.05"]
[EventType "swiss"]
[EventRounds "9"]
[EventCountry "AUT"]
[SourceTitle "CBM 184 Extra"]
[Source "ChessBase"]
[SourceDate "2018.06.28"]
[SourceVersion "1"]
[SourceVersionDate "2018.06.28"]
[SourceQuality "1"]

1. e4 e5 2. Nf3 Nc6 3. Bb5 a6 4. Ba4 Nf6 5. 0-0 Be7 6. Qe2 b5 7. Bb3 d6 8. c3 0-0 9. d4 Bg4 10. Rd1 exd4 11. cxd4 d5 12. exd5 Nxd5 13. Nc3 Nf6 14. d5 Na5 15. Bc2 Re8 16. Bg5 Nc4 17. Rab1 h6 18. Bh4 g5 19. Bg3 Bd6 20. Qd3 Bxg3 21. fxg3 Ne3 22. Nd4 Bxd1 23. Bxd1 b4 24. Nce2 Qxd5 0-1

[Event "Bodensee op"]
[Site "Bregenz"]
[Date "2018.05.10"]
[Round "6"]
[White "Schleining, Zoya"]
[Black "Pulkkinen, Kari"]
[Result "1/2-1/2"]
[WhiteElo "2394"]
[BlackElo "2263"]
[PlyCount "53"]
[EventDate "2018.05.05"]
[EventType "swiss"]
[EventRounds "9"]
[EventCountry "AUT"]
[SourceTitle "CBM 184 Extra"]
[Source "ChessBase"]
[SourceDate "2018.06.28"]
[SourceVersion "1"]
[SourceVersionDate "2018.06.28"]
[SourceQuality "1"]

1. Nf3 Nf6 2. c4 c5 3. Nc3 g6 4. d4 cxd4 5. Nxd4 Nc6 6. e4 Nxd4 7. Qxd4 d6 8. Be3 Bg7 9. Be2 0-0 10. Qd2 Be6 11. 0-0 Qa5 12. Rac1 Rfc8 13. b3 a6 14. f4 b5 15. f5 Bd7 16. fxg6 hxg6 17. e5 b4 18. Na4 Ne4 19. Qd3 Bxa4 20. Qxe4 Bc6 21. Qf4 Qxe5 22. Qxf7+ Kh7 23. Qf4 Rf8 24. Qxe5 Bxe5 25. Bd3 Kg7 26. h3 a5 27. Rxf8 1/2-1/2

[Event "Bodensee op"]
[Site "Bregenz"]
[Date "2018.05.09"]
[Round "5"]
[White "Pulkkinen, Kari"]
[Black "Hovenga, Alje"]
[Result "1-0"]
[WhiteElo "2263"]
[BlackElo "2124"]
[PlyCount "109"]
[EventDate "2018.05.05"]
[EventType "swiss"]
[EventRounds "9"]
[EventCountry "AUT"]
[SourceTitle "CBM 184 Extra"]
[Source "ChessBase"]
[SourceDate "2018.06.28"]
[SourceVersion "1"]
[SourceVersionDate "2018.06.28"]
[SourceQuality "1"]

1. e4 c5 2. Nf3 g6 3. d4 cxd4 4. Nxd4 Bg7 5. Nc3 Nc6 6. Be3 Nf6 7. Bc4 0-0 8. Bb3 a6 9. f3 Qc7 10. Qd2 b5 11. 0-0-0 Bb7 12. h4 h5 13. g4 Na5 14. Bh6 e6 15. Bxg7 Kxg7 16. Qe3 Nxb3+ 17. Nxb3 d6 18. gxh5 Nxh5 19. Qd4+ e5 20. Qxd6 Qxd6 21. Rxd6 b4 22. Na4 a5 23. Nbc5 Bc8 24. Nb6 Rb8 25. Nc4 Rb5 26. Nd3 Ng3 27. Rh2 f6 28. Rc6 Rb8 29. Nxa5 Ra8 30. Rc5 Ba6 31. Nxb4 Ne2+ 32. Kd2 Nd4 33. Ke3 Bc8 34. Nb3 Ne6 35. Rc6 f5 36. Nc5 Nd4 37. Rc7+ Kh6 38. c3 f4+ 39. Kf2 Ne6 40. Nxe6 Bxe6 41. Rc6 Bxa2 42. h5 Kg7 43. hxg6 Bg8 44. Rh1 Rfd8 45. Ke2 Bb3 46. Nd3 Ra2 47. Rh7+ Kg8 48. Rb7 Ba4 49. Rcc7 Ra1 50. Rh7 Rg1 51. Rbg7+ Kf8 52. Rh8+ Kxg7 53. Rxd8 Bb5 54. b3 Rg3 55. c4 1-0

[Event "FIN-chT 1718"]
[Site "Finland"]
[Date "2018.03.09"]
[Round "9.4"]
[White "Pulkkinen, Kari"]
[Black "Nurk, Ivo"]
[Result "1/2-1/2"]
[WhiteElo "2214"]
[BlackElo "2112"]
[PlyCount "119"]
[EventDate "2017.09.16"]
[EventType "team-tourn"]
[EventRounds "11"]
[EventCountry "FIN"]
[SourceTitle "EXT 2019"]
[Source "ChessBase"]
[SourceDate "2018.10.10"]
[SourceVersion "1"]
[SourceVersionDate "2018.10.10"]
[SourceQuality "1"]
[WhiteTeam "Helsinki Aatos"]
[BlackTeam "Karjaa KarjUra"]
[WhiteTeamCountry "FIN"]
[BlackTeamCountry "FIN"]

1. e4 c6 2. d4 d5 3. exd5 cxd5 4. c4 dxc4 5. Bxc4 Nf6 6. Nc3 e6 7. Nf3 Be7 8. 0-0 0-0 9. Qe2 Nc6 10. Rd1 Nb4 11. Ne5 Nbd5 12. Bg5 Nxc3 13. bxc3 Nd5 14. Bd2 Bg5 15. Bd3 Bxd2 16. Qxd2 Nf6 17. c4 Kh8 18. Qe3 b6 19. Qf3 Ba6 20. a4 Qc7 21. a5 Bb7 22. Qg3 Rac8 23. axb6 axb6 24. Ra7 Kg8 25. Qh3 g6 26. Qh4 Kg7 27. c5 Ra8 28. cxb6 Qc8 29. Bf1 Rxa7 30. bxa7 Bd5 31. Rb1 Bb7 32. Nc4 Qc7 33. Qg5 Bd5 34. Qe5 Qxa7 35. Ne3 Rd8 36. g4 h6 37. h4 Be4 38. g5 hxg5 39. hxg5 Qxd4 40. gxf6+ Kh7 41. Qxd4 Rxd4 42. Rb5 Bf3 43. Bg2 Rf4 44. Bxf3 Rxf3 45. Kg2 Rxf6 46. Kg3 e5 47. Rxe5 Ra6 48. Re7 Kg7 49. Ng4 Ra3+ 50. f3 Ra6 51. Rb7 Ra5 52. Rd7 Rb5 53. Re7 Ra5 54. Kf4 Rf5+ 55. Ke4 Ra5 56. Rd7 Ra4+ 57. Ke5 Ra1 58. Nf6 Ra5+ 59. Rd5 Ra8 60. Nd7 1/2-1/2